Представление документа в формате MARC21

Поле Инд. ПП Название Значение
Тип записи a
Библиографический уровень m
001 Контрольный номер 1e338978-5949-42b0-9f21-2a55e74b60ea
005 Дата корректировки 20140226152743.3
008 Кодируемые данные 010120 d
020 a ISBN 5-7860-0283-7
c Цена, тираж 0.50
040 a Служба первич. каталог. RU-RKP
040 a Служба первич. каталог. НБ ТвГУ
041 a Код языка текста rus
080 a Индекс УДК 636.5:631.115.11
084 a Индекс другой классификации/Индекс ББК П68
090 x Авторский знак В19
a Полочн. индекс П68
092 a 68.39.37
100 1_ a Автор Василюк Ярослав Владимирович
245 a Заглавие Разведение птицы в домашнем хозяйстве
c Ответственность Я.В. Василюк, А.П. Кот
260 0_ a Место издания Минск
b Издательство Ураджай
c Дата издания 1990
300 a Объем 94,[2] с.
b Иллюстрации/ тип воспроизводства ил., 4 л. ил.
c Размеры 20 см
650 a Основная рубрика Птицеводство
650 a Основная рубрика Птицы домашние
x Основная подрубрика Разведение
653 a Ключевые слова Домашние птицы
a Ключевые слова Птицы
a Ключевые слова Разведение домашней птицы
700 1_ a Другие авторы Кот Анатолий Петрович
852 p Инвентарный номер 609375
954 a Дата поступления на обработку 20000621
999 a Подразделение 2 Фил3